000 00213nam a22000977a 4500
999 _c65175
_d65172
082 _a297.562 kHV
100 _aحضرت امام خمنی
245 _aتحر یر الوسلیۃ
300 _a۵۷۰
942 _cBK